000 00943nam a2200229Ia 4500
003 BUBTL
008 151213s9999 xx 000 0 und d
041 _aবাংলা
082 _a347.052/ G155l/ 2001
100 _aগাঙ্গুলী, বাসুদেব
_95298
245 _aতামাদি আইন/ সর্বশেষ সংশোধনী, ধারার বিশ্লেষণ ও উচ্চতর আদালতের সিদ্ধান্ত সহ :
_cবাসুদেব গাঙ্গুলী
250 _a১ম সং
260 _aঢাকা
_bবাংলাদেশ ল‘ বুক কোম্পানী
_cc2001
300 _a326p. :
_bill. ; 21 cm.
526 _aLaw
650 _aLaw
650 _a
700 _a গাঙ্গুলী, বাসুদেব
_95469
856 _k0
_l0
_yDownload
942 _2ddc
_cBK
999 _c1972
_d1972